Návrh automatického riadenia natáčania klapiek zadného krídla pretekárskeho monopostu SGT-FE18

Salvato in:
Dettagli Bibliografici
Autore principale: Chovančák, Erik (Autore)
Altri autori: Šišmišová, Dana (Relatore della tesi)
Natura: Manoscritto Libro
Lingua:slovacco
Pubblicazione: 2019
Soggetti:
Accesso online:http://is.stuba.sk/zp/portal_zp.pl?podrobnosti=151016
Tags: Aggiungi Tag
Nessun Tag, puoi essere il primo ad aggiungerne!!

MARC

LEADER 00000ntm a22000003a 4500
001 stuzp74284
003 SK-STU
005 20190608213044.3
007 ta
008 150427s2015----xo-----f-mn---000-0-slo-d
040 |a STU  |b slo 
041 0 |a slo 
100 1 |a Chovančák, Erik  |u 020020  |4 aut  |U SjF Strojnícka fakulta  |T SjF Ústav automatizácie, merania a aplikovanej informatiky  |X 87337  |U J0020  |Y 802  |7 87337 
242 0 1 |a Design of automatic steering control of rear wing flaps SGT-FE18  |y eng 
245 1 0 |a Návrh automatického riadenia natáčania klapiek zadného krídla pretekárskeho monopostu SGT-FE18 
260 |c 2019 
650 4 |a mikrokontrolér  |2 slo 
650 4 |a DPS schéma  |2 slo 
650 4 |a pneumatický systém  |2 slo 
650 4 |a CAN zbernica  |2 slo 
650 4 |a monopost  |2 slo 
650 4 |a CAN bus  |2 eng 
650 4 |a microcontroller  |2 eng 
650 4 |a PCB scheme  |2 eng 
650 4 |a pneumatic system  |2 eng 
650 4 |a monopost  |2 eng 
700 1 |a Šišmišová, Dana  |u 020020  |k Z2  |4 ths  |U SjF Strojnícka fakulta  |T SjF Ústav automatizácie, merania a aplikovanej informatiky  |X 14613  |U J0020  |Y 802  |7 A000014613 
856 4 |u http://is.stuba.sk/zp/portal_zp.pl?podrobnosti=151016 
996 |b 284J046025  |c J* 3135/DBP  |l JJSK  |s A  |a 24  |w stuzp74284_0001